000 00873nam a22002177a 4500
999 _c61396
_d61396
003 Ge_BSU
005 20240315112509.0
008 240305s2023 ge ||||| |||| 00| 0 geo d
020 _a9789941335341
041 _ageo
080 _a004.9 : 330 ა-14
100 _aაბაშიძე, გიორგი
_91217
245 _aციფრული ეკონომიკა /
_cგიორი აბაშიძე; რედ. ბადრი გეჩბაია.
264 _aბათუმი,
_c2023.
300 _a120 გვ.
_b21 სმ.
504 _aბიბლიოგრ. გვ. 114-119
653 _aეკონომიკა
653 _aციფრული ტექნოლოგიები ეკონომიკაში
700 _aგეჩბაია, ბადრი
_eრედაქტორი
_921335
942 _2udc
_cBK